LIBRARY & INFORMATION CENTRE, KCAET, TAVANUR

ONLINE PUBLIC ACCESS CATALOGUE (OPAC)

Economic problems of Indian agriculture (Record no. 14815)

MARC details
000 -LEADER
fixed length control field 00390nam a2200157 4500
020 ## - INTERNATIONAL STANDARD BOOK NUMBER
ISBN 9789351248101
082 ## - DEWEY DECIMAL CLASSIFICATION NUMBER
Classification number 630.33
100 ## - MAIN ENTRY--AUTHOR NAME
Personal name Bansil P C
245 ## - TITLE STATEMENT
Title Economic problems of Indian agriculture
250 ## - EDITION STATEMENT
Edition statement 7
260 ## - PUBLICATION, DISTRIBUTION, ETC. (IMPRINT)
Place of publication New Delhi
Name of publisher Daya Publishing House
Year of publication 2017
300 ## - PHYSICAL DESCRIPTION
Number of Pages 690
650 ## - SUBJECT ADDED ENTRY--TOPICAL TERM
Topical Term Indian agriculture
650 ## - SUBJECT ADDED ENTRY--TOPICAL TERM
Topical Term Economic problems
942 ## - ADDED ENTRY ELEMENTS (KOHA)
Koha item type Books
Holdings
Withdrawn status Lost status Damaged status Collection code Home library Current library Shelving location Date acquired Full call number Accession Number Koha item type
        KAUAET KAUAET General Stacks 30/06/2017 630.33 BAN/EC 25328 Books
free website counter